Những vấn đề chung về bộ môn phương pháp dạy học lịch sử ở trường CĐSP
Gorde:
| Egile nagusia: | |
|---|---|
| Beste egile batzuk: | |
| Formatua: | Liburua |
| Argitaratua: |
H.
Đại Học Sư Phạm
2003
|
| Gaiak: | |
| Etiketak: |
Etiketa erantsi
Etiketarik gabe, Izan zaitez lehena erregistro honi etiketa jartzen!
|
| Thư viện lưu trữ: | Trung tâm Học liệu Lê Vũ Hùng, Trường Đại học Đồng Tháp |
|---|
| LEADER | 01993pam a22002538a 4500 | ||
|---|---|---|---|
| 001 | 00025618 | ||
| 005 | 20171026081023.0 | ||
| 008 | 110810s2003 ||||||Viesd | ||
| 041 | 0 | # | |a Vie |
| 082 | 1 | 4 | |a 907 |b NH556V |
| 100 | 0 | # | |a Nguyễn Anh Dũng |e Chủ biên |
| 245 | 0 | 0 | |a Những vấn đề chung về bộ môn phương pháp dạy học lịch sử ở trường CĐSP |c Nguyễn Anh Dũng; Trần Vĩnh Tường |
| 260 | # | # | |a H. |b Đại Học Sư Phạm |c 2003 |
| 300 | # | # | |a 79tr. |c 24 cm. |
| 500 | # | # | |a ĐBS: Bộ giáo dục và đào tạo; Dự án đào tạo giáo viên THCS |
| 653 | # | # | |a Lịch sử ở trường CĐSP |
| 653 | # | # | |a Phương pháp giảng dạy lịch sử |
| 700 | 0 | # | |a Trần Vĩnh Tường |
| 852 | # | # | |b Kho giáo trình |j KGT.0026002, KGT.0026003, KGT.0026004, KGT.0026005, KGT.0026006, KGT.0026007, KGT.0026008, KGT.0026009, KGT.0026010, KGT.0026011, KGT.0026012, KGT.0026013, KGT.0026014, KGT.0026015, KGT.0026016, KGT.0026017, KGT.0026018, KGT.0026019, KGT.0026020, KGT.0026021, KGT.0026022, KGT.0026023, KGT.0026024, KGT.0026025, KGT.0026026, KGT.0026027, KGT.0026028, KGT.0026029, KGT.0026030, KGT.0026031, KGT.0026032, KGT.0026033, KGT.0026034, KGT.0026035, KGT.0026036, KGT.0026037, KGT.0026038, KGT.0033434 |
| 852 | # | # | |b Kho mượn |j KGT.0026002 |
| 852 | # | # | |j KGT.0026015 |j KGT.0026018 |j KGT.0026019 |j KGT.0026021 |j KGT.0026022 |j KGT.0026024 |j KGT.0026025 |j KGT.0026029 |j KGT.0026030 |j KGT.0026032 |j KGT.0026033 |j KGT.0026037 |j KGT.0026003 |j KGT.0026004 |j KGT.0026006 |j KGT.0026007 |j KGT.0026009 |j KGT.0026011 |j KGT.0026012 |j KGT.0026016 |j KGT.0026017 |j KGT.0026027 |j KGT.0026035 |j KGT.0026036 |j KGT.0026002 |j KGT.0026005 |j KGT.0026008 |j KGT.0026010 |j KGT.0026013 |j KGT.0026014 |j KGT.0026020 |j KGT.0026023 |j KGT.0026026 |j KGT.0026028 |j KGT.0026031 |j KGT.0026034 |j KGT.0026038 |j KGT.0033434 |
| 910 | 0 | # | |d 10/08/2011 |
| 980 | # | # | |a Trung tâm Học liệu Lê Vũ Hùng, Trường Đại học Đồng Tháp |